000 00538nam a2200193Ia 4500
001 5744
003 GE_BSU
008 181216s||||||||xx |||||||||||||| ||und||
040 _cGE_BSU
100 _aГуревич В., Волмен Г.
245 _aТеория размерности.
245 _cРед. М.Р.. Шара- Бура
260 _aМосква
260 _bгосиздат иностр. лит-ры
260 _c1948
300 _a231 с. 22 см.
653 _aТеория размерности.
942 _cBK
999 _c39161
_d39161